000 01106cam a22002894a 4500
001 12339236
003 CEME
005 20210628201512.0
008 010308s2001 nyua b 001 0 eng
010 _a 2001024242
020 _a0471388785 (cloth : alk. paper)
040 _aDLC
_cDLC
_dDLC
042 _apcc
050 0 0 _aQA76.9.D343
_bC47 2001
082 0 0 _a006.3
_221
100 1 _aChen, Zhengxin.
_955553
245 1 0 _aData mining and uncertain reasoning :an integrated approach
_ban integrated approach
_cZhengxin Chen.
260 _aNew York :
_bWiley,
_cc2001.
300 _axv, 370 p. :
_bill. ;
_c25 cm.
504 _aIncludes bibliographical references (p. 358-366) and index.
650 0 _aData mining.
_93337
650 0 _aExpert systems (Computer science).
_921983
856 4 2 _3Contributor biographical information
_uhttp://www.loc.gov/catdir/bios/wiley043/2001024242.html
856 4 2 _3Publisher description
_uhttp://www.loc.gov/catdir/description/wiley036/2001024242.html
856 4 _3Table of Contents
_uhttp://www.loc.gov/catdir/toc/onix07/2001024242.html
942 _2ddc
_cBK
999 _c566381
_d566381